00863naa a22002297a 4500001001000000003000900010005001700019007000300036008003400039040005400073041000900127072002000136100001900156245004200175260003600217500016500253650001100418650001000429650002200439650001000461773016200471BR9500809BR-BrBNA20240918181345.0ta230509b bl.||||| |||| 00| 0 por d aBR-BrBNAbporcBiblioteca Nacional de Agricultura a(Pt) aE80b9430b52501 aRivarola, T.B.1 aProducao artesanal de queijo de cabra3 aCuritiba, PR (Brasil): c1984.  aExperiencias de campo na area de criacoes. v. 2: suinocultura, avicultura, caprinocultura, ovinocultura Curitiba, PR (Brasil): 1984. p. 96-98 (BR9500809-AM)E80  aQueijo aCabra aIndustria Caseira aCusto0 tExperiencias de campo na area de criacoes. v. 2: suinocultura, avicultura, caprinocultura, ovinoculturawE80 BR9500809gCuritiba, PR (Brasil), 1984. p. 96-98